Countries with Green in their Flag in the Eastern Hemisphere - Statistics

General Stats
  • This quiz has been taken 18 times
  • The average score is 12 of 15
Answer Stats
Picture Answer % Correct
India
100%
Pakistan
100%
Nigeria
94%
Saudi Arabia
94%
Bangladesh
88%
Belarus
81%
Bulgaria
81%
Ethiopia
81%
Hungary
75%
Mozambique
75%
Turkmenistan
75%
Eritrea
69%
Libya
69%
Djibouti
56%
Mali
50%
No matching quizzes found
Score Distribution
Percent of People with Each Score
Percentile by Number Answered
Your Score History
You have not taken this quiz